ბათუმის შოთა რუსთაველის სახელმწიფო უნივერსიტეტის ბიბლიოთეკა

საქართველოს ბიბლიოთეკა :№4(53) 2013 (ბიბ.ჩანაწერი № 41015)

000 -LEADER
fixed length control field 01154nam a2200217Ia 4500
001 - CONTROL NUMBER
control field 7663
003 - CONTROL NUMBER IDENTIFIER
control field GE_BSU
008 - FIXED-LENGTH DATA ELEMENTS--GENERAL INFORMATION
fixed length control field 181216s||||||||xx |||||||||||||| ||und||
040 ## - CATALOGING SOURCE
Transcribing agency GE_BSU
245 ## - TITLE STATEMENT
Title საქართველოს ბიბლიოთეკა :№4(53) 2013
245 ## - TITLE STATEMENT
Remainder of title ჟურნალი გამოდის წელიწადში ოთხჯერ.
245 ## - TITLE STATEMENT
Statement of responsibility, etc. რედ.: ალექსანდრე ლორია, გურამ თაყნიაშვილი.
260 ## - PUBLICATION, DISTRIBUTION, ETC.
Place of publication, distribution, etc. თბილისი.
260 ## - PUBLICATION, DISTRIBUTION, ETC.
Name of publisher, distributor, etc. ინდსაწარმო ”ალი”
260 ## - PUBLICATION, DISTRIBUTION, ETC.
Date of publication, distribution, etc. 2013.
300 ## - PHYSICAL DESCRIPTION
Extent 40გვ;28სმ.
520 ## - SUMMARY, ETC.
Summary, etc. დამფუძნებლები: საქართველოს პარლამენტის ილია ჭავჭავაძის სახელობის ეროვნული ბიბლიოთეკა,საქართველოს საბიბლიოთეკო ასოციაცია.
653 ## - INDEX TERM--UNCONTROLLED
Uncontrolled term პერიოდიკა
653 ## - INDEX TERM--UNCONTROLLED
Uncontrolled term საქართველოს ბიბლიოთეკა
942 ## - ADDED ENTRY ELEMENTS (KOHA)
Koha item type პერიოდიკა
ეგზემპლარები
Withdrawn status Lost status Damaged status Not for loan Date acquired Barcode Date last seen Price effective from Koha item type
        2018-12-17 76052 2018-12-17 2018-12-17 პერიოდიკა